Online
Catalog

Psicoterapia del grupo : (Record no. 15004)

MARC details
000 -CABECERA
campo de control de longitud fija 01063cam a2200289 a 4500
001 - NÚMERO DE CONTROL
campo de control 000015447
005 - FECHA Y HORA DE LA ÚLTIMA TRANSACCIÓN
campo de control 20200929164038.0
008 - DATOS DE LONGITUD FIJA--INFORMACIÓN GENERAL
campo de control de longitud fija 910717s1977 ag 001 0 spa
040 ## - FUENTE DE LA CATALOGACIÓN
Centro catalogador/agencia de origen DO-SdBNP
Lengua de catalogación spa
Centro/agencia transcriptor DLC
Centro/agencia modificador BNPHU
082 ## - NÚMERO DE LA CLASIFICACIÓN DECIMAL DEWEY
Número de clasificación 616.89152
Número de documento/Ítem G866p, 1977
049 ## - FONDOS LOCALES (OCLC)
Fondos de biblioteca BNGR
100 1# - ENTRADA PRINCIPAL--NOMBRE DE PERSONA
Nombre de persona Grinberg, León,
Fechas asociadas al nombre 1921-2007
9 (RLIN) 34874
245 10 - MENCIÓN DE TÍTULO
Título Psicoterapia del grupo :
Resto del título su enfoque psicoanalítico /
Mención de responsabilidad, etc. León Grinberg, Marie Langer y Emilio Rodrigué.
250 ## - MENCIÓN DE EDICIÓN
Mención de edición 5a ed.
260 ## - PUBLICACIÓN, DISTRIBUCIÓN, ETC.
Lugar de publicación, distribución, etc. Buenos Aires, Argentina :
Nombre del editor, distribuidor, etc. Editorial Paidós,
Fecha de publicación, distribución, etc. 1977.
300 ## - DESCRIPCIÓN FÍSICA
Extensión 243 p.
490 1# - MENCIÓN DE SERIE
Mención de serie Biblioteca de Psiquiatría, psicopatología y psicosomática
Designación de volumen o secuencia 20
490 1# - MENCIÓN DE SERIE
Mención de serie Mayor
504 ## - NOTA DE BIBLIOGRAFÍA, ETC.
Nota de bibliografía, etc. Incluye referencias bibliográficas (p. [229]-233)
650 #4 - PUNTO DE ACCESO ADICIONAL DE MATERIA--TÉRMINO DE MATERIA
Término de materia o nombre geográfico como elemento de entrada Psicoterapia de grupo
9 (RLIN) 34875
650 #4 - PUNTO DE ACCESO ADICIONAL DE MATERIA--TÉRMINO DE MATERIA
Término de materia o nombre geográfico como elemento de entrada Psicoanálisis de grupo
9 (RLIN) 34876
700 1# - PUNTO DE ACCESO ADICIONAL--NOMBRE DE PERSONA
Nombre de persona Grinberg, León
9 (RLIN) 34877
700 1# - PUNTO DE ACCESO ADICIONAL--NOMBRE DE PERSONA
Nombre de persona Langer, Marie
9 (RLIN) 34878
700 1# - PUNTO DE ACCESO ADICIONAL--NOMBRE DE PERSONA
Nombre de persona Rodrigué, Emilio
9 (RLIN) 34879
830 #0 - PUNTO DE ACCESO ADICIONAL DE SERIE-TÍTULO UNIFORME
Título uniforme Biblioteca de Psiquiatría, psicopatología y psicosomática ;
Nombre de parte o sección de la obra mayor
Designación de volumen o secuencia 20
9 (RLIN) 34880
910 ## - DATOS DE OPCIÓN DEL USUARIO (OCLC)
Datos de opción del usuario Catalogación derivada
Holdings
Estado de retiro Estado de pérdida Restricciones de uso No para préstamo Código de colección Localización permanente Ubicación/localización actual Ubicación en estantería Fecha de adquisición Número de inventario Total de préstamos Signatura topográfica completa Código de barras Fecha visto por última vez Precio válido a partir de Tipo de ítem Koha
        Monografías: Libros y Folletos General General En catalogación 08.02.2010 LF1   616.89152 G866p, 1977 15447-10 25.06.2020 25.06.2020 Préstamo en sala

Powered by Koha